Medaliści Mistrzostw Polski 2025 - Statystyki

Ogólne statystyki
  • Ten quiz został rozwiązany 35 razy
  • Średni wynik to 26 z 34
Statystyki odpowiedzi
Hint Odpowiedź % Poprawnych
3 Teodor Zajder
100%
5 Tymon Kolasiński
100%
5 Tomasz Pietruszka
97%
2 Radosław Marcinek
94%
2 Adrian Dębski
91%
1 Magdalena Pabisz
91%
1 Krzysztof Bober
88%
1 Radomił Baran
88%
2 Wojciech Rogoziński
88%
1 Ignacy Samselski
82%
1 Marcin Chmielewski
82%
1 Michał Krasowski
82%
2 Antoni Stojek
79%
1 Eryk Kasperek
79%
1 Jan Zych
79%
1 Kacper Paweł Dworak
79%
3 Kamil Przybylski
79%
1 Oliwier Szubert
79%
2 Mikołaj Morawski
76%
1 Igor Łabędź
74%
1 Stanisław Szyszka
74%
1 Cyprian Doza
71%
1 Michał Denkiewicz
71%
1 Szymon Zastawny
71%
1 Adam Romanowski
68%
1 Filip Brokos
65%
1 Szymon Brągiel
65%
1 Jakub Majchrzak
62%
1 Kajetan Opach
62%
1 Jan Woźniak
59%
1 Oliwier Tkaczyk
56%
1 Karol Piskorek
53%
1 Szymon Ciepiela
53%
1 Konrad Matyszek
38%
Nie znaleziono quizów pasujących do podanych kryteriów
Rozkład punktacji
Procent ludzi z każdym wynikiem
Percentyl według liczby udzielonych odpowiedzi
Twoja historia wyników
Nie rozwiązałeś tego quizu